Československé trestné právo
Salvato in:
| Natura: | Libro |
|---|---|
| Lingua: | slovacco |
| Pubblicazione: |
Bratislava :
Obzor,
1983
|
| Soggetti: | |
| Tags: |
Nessun Tag, puoi essere il primo ad aggiungerne!!
|
MARC
| LEADER | 00000nam a22000003a 4500 | ||
|---|---|---|---|
| 001 | stu35342 | ||
| 005 | 20150408175833.9 | ||
| 008 | 920415s1983----cs------------------slo-d | ||
| 040 | |a STU |b slo | ||
| 041 | 0 | |a slo | |
| 044 | |a cs | ||
| 080 | |a 343.2(437)(075.8) | ||
| 245 | |a Československé trestné právo | ||
| 260 | |a Bratislava : |b Obzor, |c 1983 | ||
| 300 | |a 262 s | ||
| 650 | 7 | |a Právo trestné čsl |2 stusub | |
| 996 | |b 284M002897 |c M*4567-1 |l MMKN |s A |a 24 |w stu35342_0001 | ||